Регионална библиотека "Любен Каравелов" - Русе

Шест дни от едно лято (Запис номер 30814)

MARC детайли
000 -Лидер
Контролно поле с фиксирана дължина 01085nam a2200313 c 4500
003 - Код на организацията, давaща контролен номер
Контролно поле BLK
005 - Дата и час на последна редакция
Контролно поле 20180422095944.0
008 - Елементи от данни с фиксирана дължина
fixed length control field 180407b bul|||||r ||||||| ||bul||
010 ## - Наследен системен номер
LC control number KNG00033452000
020 ## - Международен стандартен номер на книга ISBN
Международен стандартен номер на книга ISBN 954-9559-93-9
-- издат.: Захарий Стоянов
040 ## - Източник на каталожния запис
Идентификатор на билиотеката - собственик на записа BLK
041 ## - Код за език
Код за езика на текст/звукозапис или на отделно заглавие Български
Код за езика КДБФ Български
080 ## - УДК
Текстов определител УДК Българска литература
УДК код - определител по УДК 821.163.2
УДК определител -32
УДК - код + определител 821.163.2-32
100 1# - Редна дума - Автор
Автор Панова, Елена
Авторска отговорност първи автор
R(LIN) 366163
139 ## - Редно поле
Редна дума Панова, Елена
Авторски знак Пано - П 18
245 10 - Сведения за заглавието
Заглавие Шест дни от едно лято
Подзаглавни данни Разкази
Редно поле (дума) Елена Панова.
257 ## - Страна на издаване
Страна на създаване/издаване България
260 ## - Област на издателските данни
-- София
Име на издателя, разпространителя и проч. Захарий Стоянов
Година на издаване 1998
Печатница София : Вулкан 4
300 ## - Физическа характеристика
Страници 119 с.
Размери/Мащаб 16 см
380 ## - Жанр
Жанр Худож. лит.
490 1# - СЕРИИ (Колекции)
Име на серия Библ. Везни
490 1# - СЕРИИ (Колекции)
-- Подсерия
Име на серия Паредица Проза
500 ## - Общи забележки
Забележка Деп. списък: дарение
852 ## - Местоположение
Форматна сигнатура Цб І 30164
856 4# - Електронен адрес и достъп
Електронен формат pdf - файл
Път до файла /url/
856 4# - Електронен адрес и достъп
Електронен формат pdf - файл
Път до файла /url/
942 ## - АРТИКУЛИ
Вид на библиотечния материал Книги
Скрит в OPAC Не
944 ## - СЪЗДАВАНЕ И РЕДАКЦИЯ на ЗАПИСА
Създаване/Редакция Създаване
Дата на регистрацията/редакция 15.01.2003
Служител, извършил регистрацията/редакцията Цветанка_Енчева
944 ## - СЪЗДАВАНЕ И РЕДАКЦИЯ на ЗАПИСА
Създаване/Редакция Редакция
Дата на регистрацията/редакция 22.07.2004
Служител, извършил регистрацията/редакцията
999 ## - СИСТЕМНИ КОНТРОЛНИ НОМЕРА
Koha biblionumber 30814
Koha biblioitemnumber 30814
Наличности
Код за отписване Код за изгубен артикул Източник на класификационната схема Код за повреда Коз за рестрикции Код за отдаване Артикулен № Име на библиотеката - собственик Име на библиотеката, в която се намира в момента Статус (Текущо местоположение) Дата на вписване в системата Местоположение - отдел Цена в лева Инвентарен номер Систематично азбучна сигнатура Баркод Номер на екземпляра Цена в евро Служебна бележка Служебен тип на артикула
  Не е изгубен Universal Decimal Classification Не е повреден без рестрикции заемане за дома 49319 Регионална библиотека "Любен Каравелов" Русе Регионална библиотека "Любен Каравелов" Русе Заемна - подръчен фонд 2001-01-01 Заемна - подръчен фонд 1.50 659220 П 886.7-32/П 18 120000659220 1 0.77 Дост: DA Вид: А N: стар фонд Дата: 01.01.2001 Дата инв: 13.02.2018 Бележки инв: П2018 Книги
  Не е изгубен   Не е повреден без рестрикции ползва се в читалня 49320 Регионална библиотека "Любен Каравелов" Русе Регионална библиотека "Любен Каравелов" Русе Хранилище 2004-07-12 Хранилище 0.00 120000686885 Цб І 30164 120000686885 2 0.00 Дост: Dp Вид: Д N: 37 Дата: 03.09.2003 Книги
Vip Innovations Ltd, Rousse, Bulgaria 2025